[Event "ODJM B 2024"]
[Site "Willingen GER"]
[Date "2024.05.21"]
[Round "4"]
[White "De Cauter, Leah"]
[Black "Frank, Carolin"]
[Result "0-1"]
[Termination "normal"]
[Board "41"]
[WhiteElo "1617"]
[BlackElo "1766"]
[WhiteClock "00:02:20"]
[BlackClock "00:09:25"]
[PlyCount "128"]
[WhiteFideId "16222350"]
[BlackFideId "16207190"]
[EventCountry "GER"]
[EventRounds "9"]
[EventType "swiss"]
[EventDate "2024.05.18"]

1. c4 {[%clk 01:30:56]} {[%emt 00:00:03]} Nf6 {[%clk 01:30:51]} {[%emt
00:00:09]} 2. g3 {[%clk 01:31:12]} {[%emt 00:00:14]} g6 {[%clk 01:31:11]}
{[%emt 00:00:11]} 3. Bg2 {[%clk 01:31:36]} {[%emt 00:00:06]} Bg7 {[%clk
01:31:33]} {[%emt 00:00:08]} 4. d4 {[%clk 01:31:52]} {[%emt 00:00:14]} O-O
{[%clk 01:31:39]} {[%emt 00:00:24]} 5. Nc3 {[%clk 01:31:34]} {[%emt 00:00:47]}
d6 {[%clk 01:31:46]} {[%emt 00:00:23]} 6. Nf3 {[%clk 01:31:29]} {[%emt
00:00:35]} c6 {[%clk 01:31:57]} {[%emt 00:00:19]} 7. O-O {[%clk 01:31:06]}
{[%emt 00:00:52]} a6 {[%clk 01:31:44]} {[%emt 00:00:43]} 8. a4 {[%clk
01:24:01]} {[%emt 00:07:36]} Nbd7 {[%clk 01:24:46]} {[%emt 00:07:28]} 9. Bf4
{[%clk 01:19:43]} {[%emt 00:04:47]} Re8 {[%clk 01:14:58]} {[%emt 00:10:19]} 10.
Re1 {[%clk 01:18:29]} {[%emt 00:01:44]} Nh5 {[%clk 01:11:32]} {[%emt 00:03:56]}
11. Bg5 {[%clk 01:12:32]} {[%emt 00:06:25]} h6 {[%clk 01:09:32]} {[%emt
00:02:31]} 12. Bd2 {[%clk 01:08:01]} {[%emt 00:04:58]} e5 {[%clk 01:07:28]}
{[%emt 00:02:37]} 13. dxe5 {[%clk 01:00:03]} {[%emt 00:08:29]} dxe5 {[%clk
01:05:28]} {[%emt 00:02:30]} 14. e4 {[%clk 00:47:23]} {[%emt 00:13:09]} Nhf6
{[%clk 01:01:40]} {[%emt 00:04:18]} 15. Be3 {[%clk 00:38:52]} {[%emt 00:09:02]}
Ng4 {[%clk 00:55:56]} {[%emt 00:06:13]} 16. Bc1 {[%clk 00:34:38]} {[%emt
00:04:42]} Qb6 {[%clk 00:48:04]} {[%emt 00:08:24]} 17. Qc2 {[%clk 00:29:37]}
{[%emt 00:05:30]} Qc7 {[%clk 00:37:11]} {[%emt 00:11:24]} 18. h3 {[%clk
00:25:55]} {[%emt 00:04:12]} Ngf6 {[%clk 00:37:22]} {[%emt 00:00:18]} 19. b3
{[%clk 00:23:58]} {[%emt 00:02:28]} Nc5 {[%clk 00:35:44]} {[%emt 00:02:07]} 20.
Be3 {[%clk 00:15:38]} {[%emt 00:08:50]} Ne6 {[%clk 00:24:59]} {[%emt 00:11:16]}
21. Red1 {[%clk 00:14:25]} {[%emt 00:01:43]} Bd7 {[%clk 00:23:16]} {[%emt
00:02:12]} 22. Rd3 {[%clk 00:09:36]} {[%emt 00:05:20]} Qa5 {[%clk 00:14:07]}
{[%emt 00:09:40]} 23. Rb1 {[%clk 00:08:45]} {[%emt 00:01:20]} Bf8 {[%clk
00:09:23]} {[%emt 00:05:14]} 24. Rdd1 {[%clk 00:04:07]} {[%emt 00:05:09]} Rad8
{[%clk 00:08:20]} {[%emt 00:01:33]} 25. Bd2 {[%clk 00:03:53]} {[%emt 00:00:44]}
Qc7 {[%clk 00:07:25]} {[%emt 00:01:25]} 26. Qc1 {[%clk 00:03:55]} {[%emt
00:00:28]} Kh7 {[%clk 00:07:22]} {[%emt 00:00:33]} 27. g4 {[%clk 00:03:51]}
{[%emt 00:00:34]} Nc5 {[%clk 00:06:41]} {[%emt 00:01:11]} 28. Be3 {[%clk
00:03:34]} {[%emt 00:00:48]} Ncxe4 {[%clk 00:06:19]} {[%emt 00:00:51]} 29. Nxe4
{[%clk 00:03:48]} {[%emt 00:00:15]} Nxe4 {[%clk 00:06:43]} {[%emt 00:00:06]}
30. g5 {[%clk 00:03:08]} {[%emt 00:01:10]} h5 {[%clk 00:06:28]} {[%emt
00:00:43]} 31. Nh4 {[%clk 00:02:52]} {[%emt 00:00:47]} Nd6 {[%clk 00:06:29]}
{[%emt 00:00:29]} 32. c5 {[%clk 00:03:06]} {[%emt 00:00:16]} Nf5 {[%clk
00:06:37]} {[%emt 00:00:22]} 33. Nxf5 {[%clk 00:02:25]} {[%emt 00:01:13]} Bxf5
{[%clk 00:07:04]} {[%emt 00:00:02]} 34. Rxd8 {[%clk 00:02:09]} {[%emt
00:00:46]} Rxd8 {[%clk 00:06:46]} {[%emt 00:00:48]} 35. Rb2 {[%clk 00:02:30]}
{[%emt 00:00:10]} Qc8 {[%clk 00:05:00]} {[%emt 00:02:15]} 36. Kh2 {[%clk
00:02:38]} {[%emt 00:00:23]} Qe6 {[%clk 00:04:51]} {[%emt 00:00:37]} 37. b4
{[%clk 00:02:44]} {[%emt 00:00:26]} Qe8 {[%clk 00:02:59]} {[%emt 00:02:21]} 38.
h4 {[%clk 00:02:54]} {[%emt 00:00:20]} Bg7 {[%clk 00:02:48]} {[%emt 00:00:41]}
39. Rd2 {[%clk 00:02:08]} {[%emt 00:01:16]} Rxd2 {[%clk 00:01:24]} {[%emt
00:01:55]} 40. Qxd2 {[%clk 00:02:31]} {[%emt 00:00:07]} Qe7 {[%clk 00:01:04]}
{[%emt 00:00:47]} 41. Qd6 {[%clk 00:00:59]} {[%emt 00:02:03]} Qd7 {[%clk
00:24:53]} {[%emt 00:06:38]} 42. Bf1 {[%clk 00:17:55]} {[%emt 00:13:38]} Kg8
{[%clk 00:19:09]} {[%emt 00:06:12]} 43. Bd3 {[%clk 00:07:20]} {[%emt 00:11:06]}
Qxd6 {[%clk 00:10:55]} {[%emt 00:08:44]} 44. cxd6 {[%clk 00:07:41]} {[%emt
00:00:10]} Kf8 {[%clk 00:09:56]} {[%emt 00:01:29]} 45. Bc5 {[%clk 00:06:10]}
{[%emt 00:02:01]} Ke8 {[%clk 00:09:41]} {[%emt 00:00:44]} 46. Bxf5 {[%clk
00:03:16]} {[%emt 00:03:25]} gxf5 {[%clk 00:09:57]} {[%emt 00:00:13]} 47. Kg3
{[%clk 00:03:18]} {[%emt 00:00:29]} Kd7 {[%clk 00:10:18]} {[%emt 00:00:09]} 48.
Kf3 {[%clk 00:01:42]} {[%emt 00:02:06]} Bf8 {[%clk 00:10:05]} {[%emt 00:00:42]}
49. Ke3 {[%clk 00:01:40]} {[%emt 00:00:33]} Bxd6 {[%clk 00:10:17]} {[%emt
00:00:19]} 50. Bxd6 {[%clk 00:01:21]} {[%emt 00:00:49]} Kxd6 {[%clk 00:10:41]}
{[%emt 00:00:06]} 51. Kd3 {[%clk 00:01:42]} {[%emt 00:00:08]} Kd5 {[%clk
00:11:01]} {[%emt 00:00:10]} 52. f3 {[%clk 00:01:57]} {[%emt 00:00:17]} e4+
{[%clk 00:08:27]} {[%emt 00:03:04]} 53. fxe4+ {[%clk 00:01:47]} {[%emt
00:00:40]} fxe4+ {[%clk 00:08:50]} {[%emt 00:00:07]} 54. Ke3 {[%clk 00:00:56]}
{[%emt 00:01:21]} b6 {[%clk 00:07:15]} {[%emt 00:02:05]} 55. Kf4 {[%clk
00:00:51]} {[%emt 00:00:35]} Kd4 {[%clk 00:06:49]} {[%emt 00:00:56]} 56. Kf5
{[%clk 00:01:06]} {[%emt 00:00:15]} e3 {[%clk 00:07:13]} {[%emt 00:00:05]} 57.
Kf6 {[%clk 00:01:29]} {[%emt 00:00:07]} e2 {[%clk 00:07:39]} {[%emt 00:00:04]}
58. Kxf7 {[%clk 00:01:54]} {[%emt 00:00:06]} e1=Q {[%clk 00:08:03]} {[%emt
00:00:05]} 59. g6 {[%clk 00:02:07]} {[%emt 00:00:18]} Qxh4 {[%clk 00:07:46]}
{[%emt 00:00:47]} 60. g7 {[%clk 00:02:15]} {[%emt 00:00:22]} Qg5 {[%clk
00:07:54]} {[%emt 00:00:19]} 61. b5 {[%clk 00:01:47]} {[%emt 00:01:01]} axb5
{[%clk 00:08:12]} {[%emt 00:00:12]} 62. a5 {[%clk 00:01:50]} {[%emt 00:00:27]}
bxa5 {[%clk 00:08:35]} {[%emt 00:00:07]} 63. g8=Q {[%clk 00:02:06]} {[%emt
00:00:13]} Qxg8+ {[%clk 00:09:01]} {[%emt 00:00:04]} 64. Kxg8 {[%clk 00:02:20]}
{[%emt 00:00:16]} h4 {[%clk 00:09:25]} {[%emt 00:00:06]} 0-1

[Event "ODJM B 2024"]
[Site "Willingen GER"]
[Date "2024.05.21"]
[Round "4"]
[White "Will, Elina"]
[Black "Meijers, Jaroslav"]
[Result "0-1"]
[Termination "normal"]
[Board "43"]
[WhiteElo "1640"]
[BlackElo "1704"]
[WhiteClock "01:20:21"]
[BlackClock "00:00:42"]
[PlyCount "104"]
[WhiteFideId "34623434"]
[BlackFideId "34143297"]
[EventCountry "GER"]
[EventRounds "9"]
[EventType "swiss"]
[EventDate "2024.05.18"]

1. d4 {[%clk 01:30:58]} {[%emt 00:00:02]} d5 {[%clk 01:30:40]} {[%emt
00:00:21]} 2. Bf4 {[%clk 01:31:17]} {[%emt 00:00:10]} Nf6 {[%clk 01:28:30]}
{[%emt 00:02:41]} 3. Nf3 {[%clk 01:31:25]} {[%emt 00:00:22]} e6 {[%clk
01:27:04]} {[%emt 00:01:56]} 4. Nbd2 {[%clk 01:30:06]} {[%emt 00:01:48]} Be7
{[%clk 01:21:55]} {[%emt 00:05:40]} 5. e3 {[%clk 01:28:33]} {[%emt 00:02:03]}
O-O {[%clk 01:22:08]} {[%emt 00:00:17]} 6. Ne5 {[%emt 00:00:35]} Nbd7 {[%clk
01:20:41]} {[%emt 00:01:55]} 7. c3 {[%clk 01:15:22]} {[%emt 00:13:37]} c5
{[%clk 01:13:35]} {[%emt 00:07:37]} 8. Bd3 {[%clk 01:12:50]} {[%emt 00:03:01]}
Nxe5 {[%clk 01:08:46]} {[%emt 00:05:20]} 9. dxe5 {[%clk 01:12:45]} {[%emt
00:00:35]} Nd7 {[%clk 01:09:01]} {[%emt 00:00:15]} 10. Qh5 {[%clk 01:10:33]}
{[%emt 00:02:41]} g6 {[%clk 00:58:36]} {[%emt 00:10:56]} 11. Qh6 {[%clk
01:07:33]} {[%emt 00:03:30]} Re8 {[%clk 00:55:43]} {[%emt 00:03:23]} 12. Nf3
{[%clk 01:06:42]} {[%emt 00:01:20]} Bf8 {[%clk 00:54:24]} {[%emt 00:01:50]} 13.
Qh3 {[%emt 00:00:21]} f6 {[%clk 00:38:30]} {[%emt 00:16:21]} 14. Qg3 {[%clk
00:55:29]} {[%emt 00:11:53]} Bg7 {[%clk 00:32:30]} {[%emt 00:06:31]} 15. h4
{[%clk 00:54:52]} {[%emt 00:01:07]} fxe5 {[%clk 00:27:52]} {[%emt 00:05:09]}
16. Nxe5 {[%clk 00:54:40]} {[%emt 00:00:42]} Nxe5 {[%clk 00:27:54]} {[%emt
00:00:28]} 17. Bxe5 {[%clk 00:55:01]} {[%emt 00:00:08]} Bxe5 {[%clk 00:25:34]}
{[%emt 00:02:50]} 18. Qxe5 {[%clk 00:55:25]} {[%emt 00:00:05]} Bd7 {[%clk
00:17:32]} {[%emt 00:08:32]} 19. h5 {[%clk 00:54:06]} {[%emt 00:01:50]} g5
{[%clk 00:16:09]} {[%emt 00:01:53]} 20. h6 {[%clk 00:53:33]} {[%emt 00:01:02]}
Re7 {[%clk 00:05:15]} {[%emt 00:11:24]} 21. Qxg5+ {[%clk 00:52:28]} {[%emt
00:01:35]} Kf8 {[%clk 00:04:19]} {[%emt 00:01:27]} 22. Rh3 {[%clk 00:52:48]}
{[%emt 00:00:09]} Rf7 {[%clk 00:04:23]} {[%emt 00:00:27]} 23. Qe5 {[%clk
00:52:36]} {[%emt 00:00:41]} Qf6 {[%clk 00:03:28]} {[%emt 00:01:25]} 24. Qxf6
{[%clk 00:52:49]} {[%emt 00:00:17]} Rxf6 {[%clk 00:03:54]} {[%emt 00:00:05]}
25. Bxh7 {[%clk 00:53:15]} {[%emt 00:00:03]} Ke7 {[%clk 00:04:07]} {[%emt
00:00:17]} 26. Bc2 {[%clk 00:52:20]} {[%emt 00:01:25]} Rh8 {[%clk 00:03:45]}
{[%emt 00:00:52]} 27. h7 {[%clk 00:52:04]} {[%emt 00:00:46]} e5 {[%clk
00:02:17]} {[%emt 00:01:59]} 28. Rh5 {[%clk 00:52:27]} {[%emt 00:00:05]} Kd6
{[%clk 00:01:14]} {[%emt 00:01:34]} 29. O-O-O {[%clk 00:52:26]} {[%emt
00:00:31]} Bg4 {[%clk 00:01:04]} {[%emt 00:00:40]} 30. Rg5 {[%clk 00:52:01]}
{[%emt 00:00:55]} Bxd1 {[%clk 00:01:11]} {[%emt 00:00:24]} 31. Rg8 {[%clk
00:51:42]} {[%emt 00:00:48]} Bxc2 {[%clk 00:01:05]} {[%emt 00:00:36]} 32. Rxh8
{[%clk 00:51:53]} {[%emt 00:00:19]} Bxh7 {[%clk 00:01:12]} {[%emt 00:00:23]}
33. Rxh7 {[%clk 00:52:19]} {[%emt 00:00:04]} Rxf2 {[%clk 00:01:35]} {[%emt
00:00:07]} 34. Rxb7 {[%clk 00:52:34]} {[%emt 00:00:16]} Rxg2 {[%clk 00:01:13]}
{[%emt 00:00:52]} 35. Rxa7 {[%clk 00:53:00]} {[%emt 00:00:04]} Re2 {[%clk
00:01:38]} {[%emt 00:00:04]} 36. Ra6+ {[%clk 00:53:15]} {[%emt 00:00:15]} Kc7
{[%clk 00:02:00]} {[%emt 00:00:08]} 37. Re6 {[%clk 00:53:15]} {[%emt 00:00:30]}
Rxe3 {[%clk 00:02:12]} {[%emt 00:00:18]} 38. Kd2 {[%clk 00:52:58]} {[%emt
00:00:47]} Re4 {[%clk 00:01:31]} {[%emt 00:01:10]} 39. b3 {[%clk 00:52:46]}
{[%emt 00:00:43]} Kd7 {[%clk 00:00:42]} {[%emt 00:01:19]} 40. Rh6 {[%clk
00:52:56]} {[%emt 00:00:20]} Rg4 {[%clk 00:00:54]} {[%emt 00:00:18]} 41. a4
{[%clk 00:52:46]} {[%emt 00:00:41]} Rg2+ {[%clk 00:30:00]} {[%emt 00:01:21]}
42. Kd1 {[%emt 00:02:16]} Rb2 {[%clk 00:05:14]} {[%emt 00:23:36]} 43. Rh7+
{[%clk 01:22:27]} {[%emt 00:01:45]} Ke6 {[%clk 00:05:29]} {[%emt 00:00:15]} 44.
Rh6+ {[%clk 01:22:41]} {[%emt 00:00:16]} Kd7 {[%clk 00:03:05]} {[%emt
00:02:55]} 45. Rh7+ {[%clk 01:22:58]} {[%emt 00:00:13]} Ke6 {[%clk 00:03:30]}
{[%emt 00:00:05]} 46. Rh6+ {[%clk 01:23:24]} {[%emt 00:00:03]} Kf5 {[%clk
00:01:31]} {[%emt 00:02:29]} 47. Rc6 {[%clk 01:23:46]} {[%emt 00:00:07]} d4
{[%clk 00:01:00]} {[%emt 00:01:01]} 48. Rxc5 {[%clk 01:24:07]} {[%emt
00:00:09]} d3 {[%clk 00:00:55]} {[%emt 00:00:36]} 49. b4 {[%clk 01:24:02]}
{[%emt 00:00:35]} Kf4 {[%clk 00:01:07]} {[%emt 00:00:17]} 50. a5 {[%clk
01:20:50]} {[%emt 00:03:43]} e4 {[%clk 00:00:35]} {[%emt 00:01:02]} 51. Rh5
{[%clk 01:20:47]} {[%emt 00:00:32]} e3 {[%clk 00:00:39]} {[%emt 00:00:26]} 52.
Rh4+ {[%clk 01:20:21]} {[%emt 00:00:56]} Kg3 {[%clk 00:00:42]} {[%emt
00:00:28]} 0-1

[Event "ODJM B 2024"]
[Site "Willingen GER"]
[Date "2024.05.21"]
[Round "4"]
[White "Rotärmel, Leonie"]
[Black "Tarasenko, Ruslan"]
[Result "1-0"]
[Termination "normal"]
[Board "44"]
[WhiteElo "1674"]
[BlackElo "1525"]
[WhiteClock "00:09:02"]
[BlackClock "01:01:48"]
[PlyCount "115"]
[WhiteFideId "16281390"]
[BlackFideId "34166343"]
[EventCountry "GER"]
[EventRounds "9"]
[EventType "swiss"]
[EventDate "2024.05.18"]

1. e4 {[%clk 01:30:58]} {[%emt 00:00:01]} e5 {[%clk 01:30:53]} {[%emt
00:00:07]} 2. Nf3 {[%clk 01:31:24]} {[%emt 00:00:04]} Nc6 {[%clk 01:31:13]}
{[%emt 00:00:11]} 3. Bc4 {[%clk 01:31:48]} {[%emt 00:00:06]} Nf6 {[%clk
01:31:35]} {[%emt 00:00:08]} 4. d3 {[%clk 01:32:08]} {[%emt 00:00:10]} Bc5
{[%clk 01:31:45]} {[%emt 00:00:20]} 5. O-O {[%clk 01:32:11]} {[%emt 00:00:26]}
a5 {[%clk 01:31:29]} {[%emt 00:00:47]} 6. c3 {[%clk 01:27:40]} {[%emt
00:05:01]} d6 {[%clk 01:30:27]} {[%emt 00:01:32]} 7. h3 {[%clk 01:26:15]}
{[%emt 00:01:54]} h6 {[%clk 01:29:48]} {[%emt 00:01:10]} 8. a4 {[%clk
01:21:12]} {[%emt 00:05:33]} O-O {[%clk 01:26:44]} {[%emt 00:03:33]} 9. Re1
{[%clk 01:16:32]} {[%emt 00:05:09]} Be6 {[%clk 01:21:50]} {[%emt 00:05:25]} 10.
Nbd2 {[%clk 01:13:46]} {[%emt 00:03:15]} Bb6 {[%clk 01:19:02]} {[%emt
00:03:18]} 11. Qb3 {[%clk 01:03:58]} {[%emt 00:10:18]} Re8 {[%clk 01:13:18]}
{[%emt 00:06:14]} 12. Bxe6 {[%clk 00:53:26]} {[%emt 00:11:01]} Rxe6 {[%clk
01:13:25]} {[%emt 00:00:23]} 13. Nc4 {[%clk 00:47:29]} {[%emt 00:06:27]} d5
{[%clk 01:10:45]} {[%emt 00:03:11]} 14. Nxb6 {[%clk 00:45:59]} {[%emt
00:02:00]} cxb6 {[%clk 01:10:18]} {[%emt 00:00:57]} 15. exd5 {[%clk 00:41:59]}
{[%emt 00:04:29]} Qxd5 {[%clk 01:10:04]} {[%emt 00:00:45]} 16. Qxd5 {[%clk
00:28:55]} {[%emt 00:13:34]} Nxd5 {[%clk 01:10:18]} {[%emt 00:00:16]} 17. Be3
{[%clk 00:26:47]} {[%emt 00:02:38]} Nce7 {[%clk 01:07:29]} {[%emt 00:03:19]}
18. Bd2 {[%clk 00:11:29]} {[%emt 00:15:47]} Ng6 {[%clk 01:06:46]} {[%emt
00:01:13]} 19. g3 {[%clk 00:03:27]} {[%emt 00:08:32]} Rd8 {[%clk 01:07:02]}
{[%emt 00:00:15]} 20. d4 {[%clk 00:03:36]} {[%emt 00:00:20]} e4 {[%clk
01:06:44]} {[%emt 00:00:49]} 21. Nh2 {[%clk 00:03:51]} {[%emt 00:00:15]} Nf6
{[%clk 01:05:50]} {[%emt 00:01:24]} 22. Re2 {[%clk 00:02:31]} {[%emt 00:01:50]}
Ne7 {[%clk 01:04:45]} {[%emt 00:01:35]} 23. Rae1 {[%clk 00:01:34]} {[%emt
00:01:27]} Nc6 {[%clk 01:02:58]} {[%emt 00:02:17]} 24. f3 {[%clk 00:01:09]}
{[%emt 00:00:55]} Rde8 {[%clk 01:03:09]} {[%emt 00:00:20]} 25. fxe4 {[%clk
00:01:26]} {[%emt 00:00:13]} Nxe4 {[%clk 01:03:29]} {[%emt 00:00:09]} 26. d5
{[%clk 00:01:08]} {[%emt 00:00:48]} R6e7 {[%clk 00:57:13]} {[%emt 00:06:46]}
27. dxc6 {[%clk 00:01:19]} {[%emt 00:00:19]} bxc6 {[%clk 00:57:37]} {[%emt
00:00:06]} 28. Kg2 {[%clk 00:00:56]} {[%emt 00:00:53]} Re6 {[%clk 00:57:17]}
{[%emt 00:00:50]} 29. Nf3 {[%clk 00:00:47]} {[%emt 00:00:40]} Kf8 {[%clk
00:56:29]} {[%emt 00:01:17]} 30. Bf4 {[%clk 00:00:50]} {[%emt 00:00:27]} g5
{[%clk 00:55:29]} {[%emt 00:01:31]} 31. Be5 {[%clk 00:00:47]} {[%emt 00:00:33]}
Nc5 {[%clk 00:55:19]} {[%emt 00:00:40]} 32. Bd6+ {[%clk 00:00:58]} {[%emt
00:00:19]} Kg8 {[%clk 00:55:44]} {[%emt 00:00:05]} 33. Rxe6 {[%clk 00:01:19]}
{[%emt 00:00:10]} Rxe6 {[%clk 00:53:10]} {[%emt 00:03:04]} 34. Bxc5 {[%clk
00:01:33]} {[%emt 00:00:16]} Rxe1 {[%clk 00:53:35]} {[%emt 00:00:04]} 35. Nxe1
{[%clk 00:01:58]} {[%emt 00:00:05]} bxc5 {[%clk 00:54:02]} {[%emt 00:00:03]}
36. Nd3 {[%clk 00:02:24]} {[%emt 00:00:05]} c4 {[%clk 00:54:25]} {[%emt
00:00:07]} 37. Ne5 {[%clk 00:02:50]} {[%emt 00:00:04]} c5 {[%emt 00:00:04]} 38.
Nxc4 {[%emt 00:00:04]} Kf8 {[%clk 00:54:45]} {[%emt 00:00:01]} 39. Nxa5 {[%clk
00:03:13]} {[%emt 00:00:07]} Ke7 {[%clk 00:55:09]} {[%emt 00:00:07]} 40. Nb7
{[%clk 00:03:34]} {[%emt 00:00:09]} Kd7 {[%clk 00:55:02]} {[%emt 00:00:36]} 41.
Nxc5+ {[%clk 00:03:59]} {[%emt 00:00:05]} Kc6 {[%clk 00:55:08]} {[%emt
00:00:24]} 42. b4 {[%clk 00:04:06]} {[%emt 00:00:23]} f5 {[%clk 00:55:29]}
{[%emt 00:00:09]} 43. a5 {[%clk 00:04:26]} {[%emt 00:00:10]} h5 {[%clk
00:55:43]} {[%emt 00:00:15]} 44. a6 {[%clk 00:04:41]} {[%emt 00:00:16]} h4
{[%clk 00:55:55]} {[%emt 00:00:18]} 45. a7 {[%emt 00:00:14]} hxg3 {[%clk
00:56:09]} {[%emt 00:00:13]} 46. a8=Q+ {[%clk 00:05:23]} {[%emt 00:00:08]} Kd6
{[%clk 00:56:31]} {[%emt 00:00:07]} 47. Kxg3 {[%clk 00:05:43]} {[%emt
00:00:09]} f4+ {[%clk 00:56:53]} {[%emt 00:00:09]} 48. Kf3 {[%clk 00:05:58]}
{[%emt 00:00:14]} g4+ {[%clk 00:00:00]} {[%emt 00:00:44]} 49. hxg4 {[%clk
00:06:30]} {[%emt 00:01:30]} Ke7 {[%clk 00:59:29]} {[%emt 00:00:15]} 50. Qb7+
{[%clk 00:06:44]} {[%emt 00:00:18]} Kf6 {[%clk 00:59:52]} {[%emt 00:00:07]} 51.
Ne4+ {[%clk 00:06:49]} {[%emt 00:00:25]} Ke6 {[%clk 01:00:00]} {[%emt
00:00:21]} 52. Qc6+ {[%clk 00:07:08]} {[%emt 00:00:12]} Ke7 {[%clk 01:00:09]}
{[%emt 00:00:21]} 53. b5 {[%clk 00:07:06]} {[%emt 00:00:32]} Kf7 {[%clk
01:00:30]} {[%emt 00:00:08]} 54. b6 {[%clk 00:07:30]} {[%emt 00:00:06]} Kg7
{[%clk 01:00:54]} {[%emt 00:00:05]} 55. b7 {[%clk 00:07:49]} {[%emt 00:00:11]}
Kf7 {[%clk 01:01:14]} {[%emt 00:00:10]} 56. b8=Q {[%clk 00:08:10]} {[%emt
00:00:10]} Kg7 {[%clk 01:01:32]} {[%emt 00:00:11]} 57. Qbb7+ {[%clk 00:08:35]}
{[%emt 00:00:05]} Kf8 {[%clk 01:01:48]} {[%emt 00:00:14]} 58. Qcc8# {[%clk
00:09:02]} 1-0

[Event "ODJM B 2024"]
[Site "Willingen GER"]
[Date "2024.05.21"]
[Round "4"]
[White "Borgmann, Simon"]
[Black "Klemm, Julian"]
[Result "1/2-1/2"]
[Termination "normal"]
[Board "45"]
[WhiteElo "1683"]
[BlackElo "1408"]
[WhiteClock "00:23:00"]
[BlackClock "00:33:02"]
[PlyCount "63"]
[WhiteFideId "16234677"]
[BlackFideId "533001901"]
[EventCountry "GER"]
[EventRounds "9"]
[EventType "swiss"]
[EventDate "2024.05.18"]

1. d4 {[%clk 01:30:33]} {[%emt 00:00:26]} f5 {[%clk 01:30:19]} {[%emt
00:00:42]} 2. e3 {[%clk 01:29:25]} {[%emt 00:01:38]} Nf6 {[%clk 01:30:15]}
{[%emt 00:00:33]} 3. b3 {[%clk 01:26:08]} {[%emt 00:03:48]} g6 {[%clk
01:29:42]} {[%emt 00:01:03]} 4. Bb2 {[%clk 01:26:26]} {[%emt 00:00:12]} Bg7
{[%clk 01:29:09]} {[%emt 00:01:03]} 5. Nf3 {[%emt 00:05:30]} O-O {[%clk
01:29:06]} {[%emt 00:00:02]} 6. Nbd2 {[%clk 01:21:10]} {[%emt 00:01:17]} c6
{[%clk 01:29:00]} {[%emt 00:00:36]} 7. Bd3 {[%clk 01:20:11]} {[%emt 00:01:29]}
Na6 {[%clk 01:28:22]} {[%emt 00:01:09]} 8. a3 {[%clk 01:19:23]} {[%emt
00:01:17]} Nc7 {[%clk 01:27:59]} {[%emt 00:00:53]} 9. c4 {[%clk 01:16:23]}
{[%emt 00:03:30]} d6 {[%clk 01:27:45]} {[%emt 00:00:44]} 10. O-O {[%clk
01:12:26]} {[%emt 00:04:27]} Nd7 {[%clk 01:26:41]} {[%emt 00:01:34]} 11. Qc2
{[%clk 01:10:36]} {[%emt 00:02:20]} e5 {[%clk 01:25:25]} {[%emt 00:01:46]} 12.
dxe5 {[%clk 01:08:46]} {[%emt 00:02:21]} Nxe5 {[%clk 01:24:20]} {[%emt
00:01:34]} 13. Nxe5 {[%clk 01:08:29]} {[%emt 00:00:47]} Bxe5 {[%clk 01:23:57]}
{[%emt 00:00:52]} 14. Bxe5 {[%clk 01:08:45]} {[%emt 00:00:15]} dxe5 {[%clk
01:24:19]} {[%emt 00:00:07]} 15. e4 {[%clk 01:08:35]} {[%emt 00:00:40]} f4
{[%clk 01:23:20]} {[%emt 00:01:30]} 16. Nf3 {[%clk 01:06:33]} {[%emt 00:02:32]}
Re8 {[%clk 01:22:32]} {[%emt 00:01:18]} 17. Qc3 {[%clk 01:06:56]} {[%emt
00:00:08]} Qf6 {[%clk 01:21:47]} {[%emt 00:01:14]} 18. c5 {[%clk 00:58:01]}
{[%emt 00:09:25]} Bg4 {[%clk 01:20:03]} {[%emt 00:02:14]} 19. Ne1 {[%clk
00:56:56]} {[%emt 00:01:35]} Qg5 {[%clk 01:19:01]} {[%emt 00:01:32]} 20. f3
{[%clk 00:51:48]} {[%emt 00:05:38]} Bh3 {[%clk 01:16:53]} {[%emt 00:02:38]} 21.
Kh1 {[%clk 00:52:05]} {[%emt 00:00:13]} Bd7 {[%clk 01:16:50]} {[%emt 00:00:32]}
22. Nc2 {[%clk 00:52:18]} {[%emt 00:00:17]} h5 {[%clk 01:06:16]} {[%emt
00:11:04]} 23. Rad1 {[%clk 00:51:35]} {[%emt 00:01:14]} Rad8 {[%clk 01:05:53]}
{[%emt 00:00:52]} 24. Rd2 {[%clk 00:51:09]} {[%emt 00:00:56]} h4 {[%clk
01:01:04]} {[%emt 00:05:19]} 25. h3 {[%clk 00:39:29]} {[%emt 00:12:10]} a6
{[%clk 00:39:51]} {[%emt 00:21:43]} 26. Rfd1 {[%clk 00:37:04]} {[%emt
00:02:55]} Qe7 {[%clk 00:36:46]} {[%emt 00:03:35]} 27. Bc4+ {[%clk 00:33:30]}
{[%emt 00:04:04]} Be6 {[%clk 00:35:38]} {[%emt 00:01:37]} 28. Qxe5 {[%clk
00:31:33]} {[%emt 00:02:28]} Rxd2 {[%clk 00:34:16]} {[%emt 00:01:52]} 29. Rxd2
{[%clk 00:26:44]} {[%emt 00:05:19]} Bxc4 {[%clk 00:32:56]} {[%emt 00:01:50]}
30. Qxe7 {[%clk 00:27:04]} {[%emt 00:00:10]} Rxe7 {[%clk 00:33:19]} {[%emt
00:00:06]} 31. bxc4 {[%clk 00:27:29]} {[%emt 00:00:05]} Ne6 {[%clk 00:33:02]}
{[%emt 00:00:47]} 32. Rd6 {[%clk 00:23:00]} {[%emt 00:05:00]} 1/2-1/2